000 00532cam a22002291 4500
001 sa 68005668
003 DLC
005 20260227112510.0
008 891003s1967 ii 000 0 maro
010 _asa 68005668
035 _a(OCoLC)20432707
040 _aDLC
_cWaU
_dDLC
042 _apremarc
043 _aa-ii---
050 0 0 _aPN6267.M3
_bB5
100 1 _aBhagwat, Durga,
_d1910-
245 1 0 _aRūparaṅga.
260 _c[1967]
300 _a142 p.
_c19 cm.
500 _aIn Marathi.
650 0 _aAnecdotes
_zIndia.
999 _c80861
_d80861